APPLYING NURSING PROCESS -A TOOL FOR CRITICAL THINKING (Record no. 505802)

MARC details
000 -LEADER
fixed length control field 00441pam a2200157a 44500
008 - FIXED-LENGTH DATA ELEMENTS--GENERAL INFORMATION
fixed length control field 230515b2010 xxu||||| |||| 00| 0 eng d
020 ## - INTERNATIONAL STANDARD BOOK NUMBER
International Standard Book Number 13:978-0-7817-7408-6
041 ## - LANGUAGE CODE
Language code of text/sound track or separate title ENGLISH<br/>
082 ## - DEWEY DECIMAL CLASSIFICATION NUMBER
Classification number 610.73
100 ## - MAIN ENTRY--PERSONAL NAME
Personal name ROSALINDA ALFARO LE FEVRE
245 ## - TITLE STATEMENT
Title APPLYING NURSING PROCESS -A TOOL FOR CRITICAL THINKING
250 ## - EDITION STATEMENT
Edition statement 7
260 ## - PUBLICATION, DISTRIBUTION, ETC.
Place of publication, distribution, etc.
Name of publisher, distributor, etc. LIPPINCOTT WILLIAMS & WILKINS.
Date of publication, distribution, etc. 2010
300 ## - PHYSICAL DESCRIPTION
Extent 0277
650 ## - SUBJECT ADDED ENTRY--TOPICAL TERM
Topical term or geographic name entry element NURSING ADMINISTRATION
Holdings
Withdrawn status Lost status Damaged status Not for loan Home library Current library Shelving location Date acquired Source of acquisition Cost, normal purchase price Total Checkouts Full call number Barcode Date last seen Price effective from Koha item type
        College of Nursing Sangli College of Nursing Sangli   13/09/2011 BHARATI CENTER CO-OP. BHANDAR.LTD. PUNE. 2290.00   610.73 NCS-PBBSC-786 28/06/2023 28/06/2023 Book